Silvio Berlusconi - Statistics

Statistiche generali
  • Questo quiz è stato fatto 86 volte
  • Il punteggio medio è 5 su 8
Statistiche sulle risposte
Anni Carica ricoperta % Corretto
1994-1995 Presidente del consiglio dei ministri
82%
2001-2006 Presidente del consiglio dei ministri
82%
2008-2011 Presidente del consiglio dei ministri
82%
2013-2013 Senatore
78%
1994-2013 Deputato
72%
1999-1999 Europarlamentare
35%
2019- Europarlamentare
35%
2003-2003 Presidente del consiglio europeo
11%
Nessun quiz corrispondente trovato
Distribuzione punteggi
Percentuale di utenti per punteggio
Percentile per numero di risposta
I tuoi punteggi nel tempo
Non hai fatto questo quiz